| 000 | 00416nam a22001337a 4500 | ||
|---|---|---|---|
| 040 | _cNUST | ||
| 082 | _a220 PRO | ||
| 100 |
_aSaboor Ahmad Rauf Muhammad Zafar Ullah Umair Ali Hamza Saeed _985468 |
||
| 110 |
_aSponsoring Ds: Dr Waqar Shahid Lec Ayesha Zeb _985469 |
||
| 245 | _aPR-SOF-2017-Selfie Drone V 2.0 | ||
| 260 |
_aISLAMABAD: _bNUST COLLEGE OF EME, _c2021. |
||
| 650 |
_aDE-MTS-39 _985470 |
||
| 942 |
_2ddc _cPR |
||
| 999 |
_c586982 _d586982 |
||